Movies Certification Ratings Quiz Stats

 Plays Quiz Updated Aug 19, 2018

Score 0/30 Timer 03:00
1 Play Today
% Correct
R
78.6%
R
78.1%
R
76.9%
R
76.8%
R
69.1%
G
68.7%
PG
67.5%
PG-13
67.5%
G
66.4%
R
66.3%
R
64.5%
PG-13
64.2%
PG-13
62.5%
G
62.4%
PG-13
62.2%
% Correct
PG
62%
PG
61.8%
PG
60.8%
PG
60%
PG-13
58%
PG
57.7%
R
56.4%
PG-13
47.8%
PG
45.8%
X
43.9%
PG
39.9%
X
38.7%
G
37%
PG
25.3%
PG
23.1%

You're not logged in!

Compare scores with friends on all Sporcle quizzes.
OR
Log In

Sporcle TV

Today on Sporcle TV


Watch our educational content, quiz creation guides, and fun videos on Sporcle TV.

Show Comments

Extras

Top Quizzes Today


Score Distribution

Your Account Isn't Verified!

In order to create a playlist on Sporcle, you need to verify the email address you used during registration. Go to your Sporcle Settings to finish the process.

Report this User

Report this user for behavior that violates our Community Guidelines.

Details: